LEADER 04531nam 2200697 a 450 001 9910785152603321 005 20230504175509.0 010 $a1-282-78410-2 010 $a9786612784101 010 $a3-11-174272-5 010 $a3-11-022797-5 024 7 $a10.1515/9783110227970 035 $a(CKB)2670000000044732 035 $a(EBL)584969 035 $a(OCoLC)665839406 035 $a(SSID)ssj0000429512 035 $a(PQKBManifestationID)12182006 035 $a(PQKBTitleCode)TC0000429512 035 $a(PQKBWorkID)10430824 035 $a(PQKB)11074659 035 $a(MiAaPQ)EBC584969 035 $a(DE-B1597)38673 035 $a(OCoLC)881293042 035 $a(DE-B1597)9783110227970 035 $a(Au-PeEL)EBL584969 035 $a(CaPaEBR)ebr10415698 035 $a(CaONFJC)MIL278410 035 $a(EXLCZ)992670000000044732 100 $a20100617h20102010 uy 0 101 0 $aeng 135 $aur||#|||||||| 181 $ctxt$2rdacontent 182 $cc$2rdamedia 183 $acr$2rdacarrier 200 10$aTense and aspect in informal Welsh /$fby Bob Morris Jones 210 1$aBerlin ;$aNew York :$cDe Gruyter,$d2010. 210 4$aŠ2010 215 $a1 online resource (xxii, 389 pages) 225 1 $aTrends in linguistics. Studies and monographs,$x1864-4302 ;$v223 300 $aDescription based upon print version of record. 311 0 $a3-11-022796-7 320 $aIncludes bibliographical references and index. 327 $tFrontmatter --$tContents --$tConventions --$tTables --$tFigures --$tChapter 1. The data: Finite verbs and aspect --$tChapter 2. Finite inflections of bod 'be' --$tChapter 3. Finite inflections of lexical and modal verbs --$tChapter 4. Perfective and imperfective aspect --$tChapter 5. The inflectional system --$tChapter 6. Other semantic analyses of finite verb inflections --$tChapter 7. Perfect aspect --$tChapter 8. Progressive aspect --$tChapter 9. More about aspect --$tChapter 10. Closing remarks --$tBackmatter 330 $aThe book provides a descriptive account of the semantics of three grammatical areas in informal Welsh: inflections of finite verbs, perfect aspect, and progressive aspect. The analyses distinguish context-independent primary meanings from other meanings which are due to implications and contextual effects. The inflections convey factuality, tense, (morphological) aspect, and habituality, but the inflections and their meanings are differently distributed over different sorts of verbs. The analysis of factuality outlines different sorts of counterfactual situations, and discusses whether counterfactual meaning can best be accounted for in terms of true statements in imagined possible worlds or in terms of false statements in the actual world. The analysis of tense argues that it conveys evaluation time and not situation time, which can be different to evaluation time, and that tense is not a collection of simple labels like 'past' or 'present' but is a combination of two times, a deictic reference time and a relative evaluation time, which organize the tenses as a system. Morphological aspect is discussed in terms of perfective and imperfective meanings. Habituality is a property of situations which can be described by all inflections but the study shows that bod 'be' alone has specialized forms to convey habituality. The discussion of the perfect aspect considers the appropriateness of anterior time, retrospective view, and current relevance to account for its meaning. The author argues that the progressive aspect conveys a durative view and the non-progressive a non-durative view, and shows that the progressive can describe situations which are described by the non-progressive in other languages. The study also considers whether other expressions can be aspect markers. The book shows that the primary meanings of the three grammatical areas are subject to various constraints. 410 0$aTrends in linguistics.$pStudies and monographs ;$v223. 606 $aWelsh language$xVerb 606 $aWelsh language$xDiscourse analysis 610 $aSemantics. 610 $aWelsh/ Language. 615 0$aWelsh language$xVerb. 615 0$aWelsh language$xDiscourse analysis. 676 $a491.6/65 686 $aHF 549$2rvk 700 $aJones$b Bob Morris$01527135 801 0$bMiAaPQ 801 1$bMiAaPQ 801 2$bMiAaPQ 906 $aBOOK 912 $a9910785152603321 996 $aTense and aspect in informal Welsh$93769687 997 $aUNINA LEADER 02181nam0 2200505 i 450 001 VAN00125064 005 20240806100817.977 017 70$2N$a9783319970646 100 $a20191030d2018 |0itac50 ba 101 $aeng 102 $aCH 105 $a|||| ||||| 200 1 $aTracing the Life Cycle of Ideas in the Humanities and Social Sciences$fArjuna Tuzzi editor 210 $aCham$cSpringer$d2018 215 $axii, 217 p.$cill.$d24 cm 410 1$1001VAN00103266$12001 $aQuantitative methods in the humanities and social sciences$1210 $aBerlin [etc.]$cSpringer$d2014- 500 1$3VAN00236577$aTracing the Life Cycle of Ideas in the Humanities and Social Sciences$91563821 606 $a62-XX$xStatistics [MSC 2020]$3VANC022998$2MF 606 $a62P25$xApplications of statistics to social sciences [MSC 2020]$3VANC031206$2MF 610 $aAnalysis of Textual Data$9KW:K 610 $aChronological Textual Data$9KW:K 610 $aDiachronic Corpora$9KW:K 610 $aDigital Humanities$9KW:K 610 $aDigital Methods$9KW:K 610 $aDistant Reading$9KW:K 610 $aHistorical Corpora$9KW:K 610 $aHistory of Ideas$9KW:K 610 $aKnowledge Discovery$9KW:K 610 $aLife-Cycle of Ideas$9KW:K 610 $aPattern recognition$9KW:K 610 $aQuantitative Epistemology$9KW:K 610 $aQuantitative History$9KW:K 610 $aText Mining$9KW:K 610 $aTextual Data$9KW:K 620 $aCH$dCham$3VANL001889 702 1$aTuzzi$bArjuna$3VANV096518 712 $aSpringer $3VANV108073$4650 801 $aIT$bSOL$c20250523$gRICA 856 4 $uhttp://doi.org/10.1007/978-3-319-97064-6$zE-book ? Accesso al full-text attraverso riconoscimento IP di Ateneo, proxy e/o Shibboleth 899 $aBIBLIOTECA DEL DIPARTIMENTO DI MATEMATICA E FISICA$1IT-CE0120$2VAN08 912 $fN 912 $aVAN00125064 950 $aBIBLIOTECA DEL DIPARTIMENTO DI MATEMATICA E FISICA$d08DLOAD e-book 1438 $e08eMF1438 20191030 996 $aTracing the Life Cycle of Ideas in the Humanities and Social Sciences$91563821 997 $aUNICAMPANIA